La minera̕ de oro en la selva

Bibliographic Details
Main Author: Rubiano Galvis, Sebastiǹ
Other Authors: Castillo Ardila, ℓngela
Format: eBook
Language:Spanish
Published: Bogot:̀ Universidad de Los Andes (Colombia), 2019
Subjects:
Online Access:Acceso restringido

MARC

LEADER 00000nam a22000007a 4500
005 20200721232725.0
007 cr|||| ||||
008 200721s2019 co |||||s|||| 00||0 spa d
020 |a 978-958-774-881-9 
035 |a 31850 
040 |a vLex 
090 |c 10670  |d 10670 
100 1 |a Rubiano Galvis, Sebastiǹ 
245 1 2 |a La minera̕ de oro en la selva  |h [Recurso electrn̤ico] /  |c Sebastiǹ Rubiano Galvis, ℓngela Castillo Ardila 
256 |a Servicio en ln̕ea 
260 |a Bogot:̀  |b Universidad de Los Andes (Colombia),  |c 2019 
300 |a 1 recurso electrn̤ico 
506 1 |a Disponible solo en los productos indicados  |d vLex Global  |d vLex Global (Academic Edition, excluding Law Schools)  |d vLex Global (U.S. Academic Edition, Law Schools)  |d vLex Global (U.S. Academic Edition, excluding Law Schools)  |d vLex Global (Academic Edition, Law Schools) 
650 0 4 |a Derecho Pb︢lico y Administrativo  |z Colombia 
700 1 |a Castillo Ardila, ℓngela 
740 0 |a vLex Libros (Servicio en ln̕ea) 
856 4 0 |u http://vlex.com/source/mineria-oro-selva-31850  |z Acceso restringido 
942 |c BOOK 
999 0 |a Public and Administrative Law